| 000 | 00301nam a22001217a 4500 | ||
|---|---|---|---|
| 082 |
_a628.1 _bDES _cL-23, P19 |
||
| 100 |
_aDeshpande R S _943353 |
||
| 245 | _aWater Supply Engineering | ||
| 300 |
_a499p.: _bill.; |
||
| 526 |
_a0 _b0 _c0 _d628_100000000000000_DES |
||
| 650 |
_aMCE _9379 |
||
| 942 |
_2ddc _cBK |
||
| 999 |
_c547953 _d547953 |
||